Presidents del Parlament de Catalunya - Statistics

General Stats
  • This quiz has been taken 3 times
  • The average score is 9 of 18
Answer Stats
Període Resposta % Correct
2015-2018 Carme Forcadell i Lluís
100%
2021-2022 Laura Borràs i Castanyer
100%
2023-2024 Anna Erra i Solà
67%
2003-2010 Ernest Benach i Pascual
67%
1932-1933 Lluís Companys i Jover
67%
2010-2015 Núria de Gispert i Català
67%
2018-2021 Roger Torrent i Ramió
67%
2022-2023 Alba Vergés i Bosch
33%
1940-1949 Antoni Rovira i Virgili
33%
1954-1980 Francesc Farreras i Duran
33%
1980-1984 Heribert Barrera i Costa
33%
1933-1938 Joan Casanovas i Maristany
33%
1995-1999 Joan Reventós i Carner
33%
1999-2003 Joan Rigol i Roig
33%
1988-1995 Joaquim Xicoy i Bassegoda
33%
1938-1940 Josep Irla i Bosch
33%
1949-1954 Manuel Serra i Moret
33%
1984-1988 Miquel Coll i Alentorn
33%
No matching quizzes found
Score Distribution
Percent of People with Each Score
Percentile by Number Answered
Your Score History
You have not taken this quiz